000 00717nam a2200289Ia 4500
005 20260324150827.0
008 008 260324s9999 xx 000 0 eng d
020 _a9781003279174
037 _aEBOOK
040 _aCRL
040 _beng
040 _cCRL
041 _2eng
041 _aeng
084 _qCRL
100 _aS. I. Hsiung
_91227751
245 4 _aThe Romance of the Western Chamber (Hsi Hsiang Chi)
245 2 _bA Chinese Play Written in the Thirteenth Century
260 _bTaylor and Francis
260 _c1935
365 _a
365 _b205
856 _uhttp://www.taylorfrancis.com/books/9781003279174
942 _cEBOOK
999 _c1837893
_d1837893